Statistiques concernant buteurs de ligue 1 saison 2021-2022

Cliquez ici pour prendre le quiz!

Statistiques générales

  • Ce quiz a été pris 29 fois
  • Le résultat moyen est 51 sur 279

Statistiques - réponses

ButCubJoueur% Correct
28ParisKylian Mbappé
81%
13ParisNeymar
69%
6ParisLionel Messi
65%
12LyonKarl Toko Ekambi
58%
2ParisMarco Verratti
58%
21LyonMoussa Dembélé
58%
15LOSCJonathan David
54%
8LensSeko Fofana
54%
11StrasbourgHabib Diallo
50%
10ReimsHugo Ekitike
50%
1LyonThiago Mendes
50%
4ParisAchraf Hakimi
46%
5ParisAngel Di Maria
46%
1MetzBoubacar Traore
46%
3RennesHamari Traoré
46%
6LyonHoussem Aouar
46%
4AngersIsmaël Traoré
46%
5LensJonathan Clauss
46%
5ParisMarquinhos
46%
4ParisMauro Icardi
46%
2ParisSergio Ramos
46%
8LorientTerem Moffi
46%
25MonacoWissam Ben Yedder
46%
12MarseilleDimitri Payet
42%
21RennesMartin Terrier
42%
9Stade BrestoisSteve Mounié
42%
10Saint-EtienneWahbi Khazri
42%
10NiceAmine Gouiri
38%
16NiceAndy Delort
38%
2MontpellierAndy Delort
38%
11RennesBenjamin Bourigeaud
38%
5ParisDanilo Pereira
38%
6LensFlorian Sotoca
38%
11StrasbourgKevin Gameiro
38%
14ClermontMohamed Bayo
38%
6MonacoSofiane Diop
38%
3MonacoAlexander Golovin
35%
1MonacoAxel Disasi
35%
1MarseilleBoubacar Kamara
35%
4LOSCBurak Yilmaz
35%
10MarseilleCengiz Ünder
35%
1LensFacundo Medina
35%
3MontpellierGaëtan Laborde
35%
12RennesGaëtan Laborde
35%
1LOSCJonathan Bamba
35%
2LensKevin Danso
35%
9MonacoKevin Volland
35%
12StrasbourgLudovic Ajorque
35%
10NantesLudovic Blas
35%
4AngersMohamed-Ali Cho
35%
6NantesMoses Simon
35%
1ParisPresnel Kimpembe
35%
12NantesRandal Kolo Muani
35%
2LOSCRenato Sanches
35%
2AngersRomain Thomas
35%
8MontpellierTeji Savanier
35%
12LensArnaud Kalimuendo
31%
2LOSCBenjamin André
31%
10MontpellierElye Wahi
31%
1ParisGeorginio Wijnaldum
31%
4MarseilleMattéo Guendouzi
31%
1NantesNicolas Pallois
31%
8StrasbourgAdrien Thomasson
27%
1LOSCAngel Gomes
27%
7MarseilleArkadiusz Milik
27%
1MonacoBenoit Badiashile
27%
1RennesJonas Martin
27%
1LOSCJonathan Ikoné
27%
1ParisLeandro Paredes
27%
9LyonLucas Paqueta
27%
3TroyesMama Baldé
27%
3BordeauxM'Baye Niang
27%
2NiceMelvin Bard
27%
1ParisPablo Sarabia
27%
3NantesPedro Chirivella
27%
6LensPrzemyslaw Frankowski
27%
3LyonRomain Faivre
27%
7Stade BrestoisRomain Faivre
27%
5LensWesley Saïd
27%
3RennesAdrien Truffert
23%
1StrasbourgAlexander Djiku
23%
3MonacoAurelien Tchouameni
23%
2RennesBaptiste Santamaria
23%
3MetzDidier Lamkel Zé
23%
2StrasbourgDimitri Liénard
23%
2LorientEnzo Le Fée
23%
3MetzIbrahima Niane
23%
1NiceJean-Clair Todibo
23%
1RennesJérémy Doku
23%
5Stade BrestoisJérémy Le Douaron
23%
6NiceKasper Dolberg
23%
4NiceKhephren Thuram
23%
3Saint-EtienneMahdi Camara
23%
5ReimsMarshall Munetsi
23%
4MonacoMyron Boadu
23%
1ClermontSalis Abdul Samed
23%
1ReimsThomas Foket
23%
2ReimsYunis Abdelhamid
23%
3TroyesAdil Rami
19%
2ReimsAlexis Flips
19%
4MarseilleAmine Harit
19%
5AngersAngelo Fulgini
19%
2MonacoCaio Henrique
19%
2LyonCastello Lukeba
19%
1LensCheick Oumar Doucouré
19%
2MarseilleDuje Caleta-Car
19%
11Stade BrestoisFranck Honorat
19%
5LorientIbrahima Koné
19%
2StrasbourgIbrahima Sissoko
19%
3ParisIdrissa Gueye
19%
5TroyesIké Ugbo
19%
2StrasbourgJean Ricner Bellegarde
19%
2ParisJulian Draxler
19%
1StrasbourgLucas Perrin
19%
2RennesNayef Aguerd
19%
4BordeauxRémi Oudin
19%
2Saint-EtienneRomain Hamouma
19%
1ClermontSaif Eddine Khaoui
19%
3AngersStéphane Bahoken
19%
11BordeauxUi Jo Hwang
19%
5TroyesXavier Chavalerin
19%
9BordeauxAlberth Elis
15%
3ParisAnder Herrera
15%
6NantesAndrei Girotto
15%
7MarseilleBamba Dieng
15%
3Stade BrestoisBrendan Chardonnet
15%
1NiceCalvin Stengs
15%
1LensCorentin Jean
15%
3LensDavid Pereira da Costa
15%
9Saint-EtienneDenis Bouanga
15%
5RennesFlavien Tait
15%
3LensGaël Kakuta
15%
5LensIgnatius Ganago
15%
4Stade BrestoisIrvin Cardona
15%
1LyonIslam Slimani
15%
3LyonJason Denayer
15%
1MontpellierJoris Chotard
15%
4RennesKamal Sulemana
15%
1AngersNabil Bentaleb
15%
1MetzPape Matar Sarr
15%
2NantesQuentin Merlin
15%
2TroyesRenaud Ripart
15%
8AngersSofiane Boufal
15%
8MontpellierStephy Mavididi
15%
3LOSCSven Botman
15%
2LyonTete
15%
7AngersThomas Mangani
15%
3LOSCTimothy Weah
15%
1LyonTino Kadewere
15%
4MontpellierValere Germain
15%
1LorientVincent Le Goff
15%
4ReimsWout Faes
15%
3LOSCXeka
15%
2NiceYoucef Atal
15%
1LOSCYusuf Yazici
15%
2LOSCZeki Celik
15%
1AngersBatista Mendy
12%
1LorientDango Ouattara
12%
2ReimsEl Bilal Touré
12%
4TroyesFlorian Tardieu
12%
9MarseilleGerson
12%
3NiceHicham Boudaoui
12%
1ClermontJason Berthomier
12%
1StrasbourgJean Eudes Aholou
12%
1Stade BrestoisJean-Kévin Duverne
12%
1Saint-EtienneJean-Philippe Krasso
12%
2BordeauxJimmy Briand
12%
2TroyesLebo Mothiba
12%
6RennesLovro Majer
12%
1NantesMarcus Coco
12%
1LensMassadio Haidara
12%
1ReimsMaxime Busi
12%
5MetzNicolas De Préville
12%
1LOSCReinildo
12%
3Saint-EtienneRyad Boudebouz
12%
1MetzThomas Delaine
12%
2ParisTilo Kehrer
12%
2MonacoVanderson
12%
1BordeauxYacine Adli
12%
1LOSCAmadou Onana
8%
1StrasbourgAnthony Caci
8%
2ReimsArber Zeneli
8%
6LorientArmand Laurienté
8%
4Saint-EtienneArnaud Nordin
8%
1MontpellierArnaud Souquet
8%
1ReimsAzor Matusiwa
8%
4MarseilleCedric Bakambu
8%
1MetzDylan Bronn
8%
2LOSCEdon Zhegrova
8%
8ClermontElbasan Rashani
8%
1NiceEvann Guessand
8%
4MetzFabien Centonze
8%
4MetzFarid Boulaya
8%
1ClermontFlorent Ogier
8%
1LOSCGabriel Gudmundsson
8%
1ReimsGhislain Konan
8%
3BordeauxJean Onana
8%
3ClermontJodel Dossou
8%
2LorientJulien Laporte
8%
4NiceJustin Kluivert
8%
2ReimsKamory Doumbia
8%
1MetzKiki Kouyaté
8%
1MonacoKrepin Diatta
8%
1RennesLesley Ugochukwu
8%
1Stade BrestoisLilian Brassier
8%
2NiceMario Lemina
8%
4Stade BrestoisMartin Satriano
8%
2MontpellierNicolas Cozza
8%
1BordeauxSamuel Kalu
8%
1StrasbourgSanjin Prcic
8%
6BordeauxSekou Mara
8%
1BordeauxStian Gregersen
8%
1LOSCTiago Djalo
8%
1ClermontVital Nsimba
8%
2LyonXherdan Shaqiri
8%
1ClermontYohann Magnin
8%
1LorientAdrian Grbic
4%
1LyonEmerson
4%
6MontpellierFlorent Mollet
4%
9RennesGuirassy Serhou
4%
1ReimsIlan Kebbal
4%
2BordeauxJavairo Dilrosun
4%
2ReimsJens Cajuste
4%
1ClermontJin Allevinah
4%
1MontpellierJunior Sambia
4%
5NantesKalifa Coulibaly
4%
4MonacoMartins Gelson
4%
4AngersMathias Pereira Lage
4%
1StrasbourgMaxime Le Marchand
4%
2ReimsMoreto Cassama
4%
2ReimsNathanael Mbuku
4%
2MetzOpa Nguette
4%
2NantesOsman Bukari
4%
3BordeauxRicardo Mangas
4%
1TroyesRominigue Kouamé
4%
1LensSimon Banza
4%
3LorientThomas Monconduit
4%
1BordeauxTimothé Pembélé
4%
4TroyesYoann Touzghar
4%
3Stade BrestoisYoucef Belaïli
4%
1Saint-EtienneZaydou Youssouf
4%
1MontpellierAmbroise Oyongo
0%
2AngersAzzedine Ounahi
0%
1ReimsBradley Locko
0%
1TroyesBrandon Domingues
0%
1ClermontCedric Huntondji
0%
1BordeauxEdson Mexer
0%
1Saint-EtienneEliaquim Mangala
0%
1BordeauxEnock Kwateng
0%
1TroyesGerson Rodrigues
0%
1TroyesGiulian Biancone
0%
2MetzHabib Maïga
0%
1MetzIbrahim Amadou
0%
1NantesJean Charles Castello
0%
1MonacoJean Lucas
0%
1ClermontJordan Tell
0%
1BordeauxJoshua Guilavogui
0%
1LorientLéo Pétrot
0%
1LOSCLihadji Isaac
0%
2MetzLouis Mafouta
0%
2ClermontLucas Da Cunha
0%
1Saint-EtienneLucas Gourna
0%
2StrasbourgMajeed Waris
0%
1MetzMatthieu Udol
0%
1Saint-EtienneMickaël Nadé
0%
1Saint-EtienneMiguel Trauco
0%
1MontpellierMihailo Ristic
0%
1LorientMoritz Jenz
0%
1TroyesOualid El Hajjam
0%
1ReimsPhilippe Koffi
0%
1MarseillePol Lirola
0%
1LorientQuentin Boisgard
0%
2Saint-EtienneSaïdou Sow
0%
3LorientSambou Soumano
0%
2Saint-EtienneTimothée Kolodziejczak
0%
2TroyesTristan Dingomé
0%
1MetzVincent Pajot
0%
2NantesWillem Geubbels
0%
2NantesWylan Cyprien
0%

Distribution des résultats

Percentile par nombre de réponses

% des personnes avec chaque résultat

Votre développement - résultats

Vous n’avez pas pris ce quiz